Mut zum Glück

Bibliographic Details
Main Author: Sandberg, Vera 1952- (Author)
Format: Book
Language:German
PhysicalDescription:239 s. 27 cm
Published: Köln Naumann & Göbel [1999]
ISBN:3625102234
Series:Brigitte
Subjects:

MARC

LEADER 00000nam a2200000 a 4500
001 vtls001395456
003 SK-MaSNL
005 20260301161722.0
008 251113s1999 DE a r ger
020 |a 3625102234  |c b.c. 
035 |a SNK000349811 
035 |a urn:nbn:sk:snk-amyhg4 
035 |a urn:nbn:sk:snk-am00ckri 
035 |a E0CB008A-D95D-45CD-A0C0-4BCBC726ED50 
040 |a SNK  |b slo  |c SNK  |e AACR2 
041 0 |a ger 
044 |a DE 
080 |a 159.923:613.89  |2 1981 
100 1 |a Sandberg, Vera  |d 1952-  |4 aut  |9 525147 
245 1 |a Mut zum Glück  |c von Vera Sandberg 
260 |a Köln  |b Naumann & Göbel  |c [1999]  |e [Martin  |f Neografia] 
300 |a 239 s.  |c 27 cm 
490 1 |a Brigitte : Kursbuch Partnerschaft 
650 0 7 |a partnerské vzťahy  |2 SNKPH  |9 2250 
655 7 |a príručky  |2 SNKPH  |9 74364 
830 0 |a Brigitte  |9 525148 
919 |a 3-625-10223-4 
999 |c 810552  |d 812482 
952 |t P60, <03>, [BOOK], {603}  |a SNK  |b SNK  |y PREZ  |7 0  |p 17A0251026  |o snkSB 62266  |i snkKSP 9225/2000  |0 0  |1 0  |4 0  |d 2000-09-08  |f 1  |l 0  |r 2025-04-11 00:00:00  |w 2026-02-24